| 000 | 00468nam a2200169 a 4500 | ||
|---|---|---|---|
| 001 | 35971 | ||
| 005 | 20180714004428.0 | ||
| 008 | 140415s1971 000 0 spa d | ||
| 041 | _aspa | ||
| 082 |
_a370.072 _bVAN |
||
| 100 | 1 | _aVAN DALEN, DEOBOLD | |
| 245 | 1 | 0 | _aMANUAL DE TECNICA DE LA INVESTIGACION EDUCACIONAL |
| 260 |
_a[s.l.] : _bPAIDOS, _c1971 |
||
| 300 | _a542 | ||
| 650 | 1 | 4 | _aINVESTIGACION EDUCATIVA |
| 700 | 1 |
_aMAYER, WILLIAM J. _ecoaut. |
|
| 999 |
_c35971 _d35971 |
||